书目信息 |
| 题名: |
土木工程施工
|
|
| 作者: | 殷为民 , 杨建中 主编 | |
| 分册: | ||
| 出版信息: | 武汉 武汉理工大学出版社 2019. |
|
| 页数: | ||
| 开本: | 19cm | |
| 丛书名: | ||
| 单 册: | ||
| 中图分类: | TU74 | |
| 科图分类: | ||
| 主题词: | 土木工程--工程施工--高等学校--教材 | |
| 电子资源: | ||
| ISBN: | 978-7-5629-6197-0 | |
| 000 | 01152nam0 2200241 450 | |
| 001 | 2040380745 | |
| 005 | 20201107111308.01 | |
| 010 | @a978-7-5629-6197-0@dCNY58.00 | |
| 100 | @a20200529d2019 em y0chiy0110 ea | |
| 101 | 0 | @achi |
| 102 | @aCN@b420000 | |
| 105 | @af z 000zy | |
| 200 | 1 | @a土木工程施工@9Tu Mu Gong Cheng Shi Gong@f殷为民,杨建中主编 |
| 205 | @a2版 | |
| 210 | @a武汉@c武汉理工大学出版社@d2019. | |
| 215 | @d19cm | |
| 330 | @a全书共分为13章,即:绪论、土方工程、桩基础工程、模板工程、钢筋工程、混凝土工程、预应力工程、结构安装工程、砌体与脚手架工程、防水工程、装饰装修工程、桥梁结构工程施工和路面与隧道工程施工等。本书在修订过程中,除了修改第1版中不足之处,按最新的施工技术、施工方法、施工案例等更新内容体系外,还增加了一些二维码等数字化内容,涉及常用的施工视频、动画、图片等内容,不仅丰富的内容,而且更有利于读者能更好地掌握施工中的重点难点。本书可供土木工程相关专业本科生使用,也可供相关技术人员参考。 | |
| 606 | 0 | @a土木工程@x工程施工@x高等学校@j教材 |
| 690 | 0 | @aTU74@v5 |
| 701 | 0 | @a殷为民@9Yin Wei Min@4主编 |
| 701 | 0 | @a杨建中@9Yang Jian Zhong@4主编 |
| 801 | 0 | @aCN@b(网众)采访数据@c20201010 |
| 905 | @aZUCC@dTU74@eY584 | |
| 土木工程施工/殷为民,杨建中主编.-2版.-武汉:武汉理工大学出版社,2019. |
| 19cm |
| ISBN 978-7-5629-6197-0:CNY58.00 |
| 全书共分为13章,即:绪论、土方工程、桩基础工程、模板工程、钢筋工程、混凝土工程、预应力工程、结构安装工程、砌体与脚手架工程、防水工程、装饰装修工程、桥梁结构工程施工和路面与隧道工程施工等。本书在修订过程中,除了修改第1版中不足之处,按最新的施工技术、施工方法、施工案例等更新内容体系外,还增加了一些二维码等数字化内容,涉及常用的施工视频、动画、图片等内容,不仅丰富的内容,而且更有利于读者能更好地掌握施工中的重点难点。本书可供土木工程相关专业本科生使用,也可供相关技术人员参考。 |
| ● |
| 相关链接 |
|
|
|
正题名:土木工程施工
索取号:TU74/Y584
 
预约/预借
| 序号 | 登录号 | 条形码 | 馆藏地/架位号 | 状态 | 备注 |
| 1 | 1485173 | 214851739 | 建筑库201/201建筑库 108排2列6层/ [索取号:TU74/Y584] | 在馆 | |
| 2 | 1485174 | 214851748 | 建筑库201/201建筑库 108排2列6层/ [索取号:TU74/Y584] | 在馆 |